| 000 | 00000nam##2200000za#4500 |
| 001 | 9.648057 |
| 003 | CaOODSP |
| 005 | 20210615112926 |
| 007 | ta |
| 008 | 150407|2001||||xxc||||| f|0| 0 eng|d |
| 020 | |a0-662-30000-9 |
| 040 | |aCaOODSP|beng |
| 043 | |an-cn--- |
| 086 | 1 |aC2-553/2001E |
| 110 | 1 |aCanada. |bIndustry Canada. |
| 245 | 10|aPerformance of Canada's manufacturing sector / |cby Po-Chih Lee, Darlene Murphy, Steven Tzeferakos. |
| 260 | |aOttawa - Ontario : |bIndustry Canada |c2001. |
| 300 | |aiv, 71p. : |bfigs., tables ; |c28 cm. |
| 504 | |aBibliography. |
| 563 | |aSoftcover |
| 590 | |a01-15|b2001-04-12 |
| 690 | 07|aManufacturing industry|2gcpds |
| 690 | 07|aProductivity|2gcpds |
| 690 | 07|aLabour|2gcpds |
| 690 | 07|aIndustrial technology|2gcpds |
| 720 | 1 |aLee, Po-Chih |
| 720 | 1 |aMurphy, Darlene |
| 720 | 1 |aTzeferakos, Steven |
| 775 | 08|tPerformance du secteur manufacturier du Canada / |w(CaOODSP)9.681366 |
| 776 | 0#|tPerformance of Canada's manufacturing sector / |w(CaOODSP)9.695198 |
| 986 | |a53344E |